[Event "Guernsey Holiday"]
[Site "?"]
[Date "2007.10.23"]
[Round "3"]
[White "Bakkes, Frits"]
[Black "Le Maitre, Richard"]
[Result "1/2-1/2"]
[WhiteElo "1533"]
[BlackElo "1270"]
[PlyCount "88"]
[EventDate "2007.11.23"]

1. d4 Nf6 2. Nc3 g6 3. e4 d6 4. Nf3 Bg7 5. Be2 Bg4 6. Be3 Nbd7 7. Qd2 O-O 8.
O-O-O Re8 9. h3 Bxf3 10. gxf3 e5 11. dxe5 dxe5 12. Bg5 c6 13. f4 Qe7 14. fxe5
Qxe5 15. f4 Qc7 16. e5 Nxe5 17. fxe5 Qxe5 18. Qf4 Qxf4+ 19. Bxf4 Ne4 20. Rh2
Nxc3 21. bxc3 Bxc3 22. Rd7 b6 23. Bd2 Bxd2+ 24. Kxd2 Red8 25. Rxd8+ Rxd8+ 26.
Bd3 c5 27. Re2 c4 28. Re7 cxd3 29. cxd3 a5 30. Rb7 Rd6 31. Kc3 f5 32. d4 f4 33.
Kd3 f3 34. Ke3 Rf6 35. Kf2 g5 36. d5 Rd6 37. Kxf3 Rxd5 38. Rxb6 Rd2 39. Kg4
Rxa2 40. Kxg5 Rg2+ 41. Kf4 Rg6 42. Rb8+ Kg7 43. Ra8 Rf6+ 44. Kg4 Rg6+ 1/2-1/2

[Event "Guernsey Holiday"]
[Site "?"]
[Date "2007.10.23"]
[Round "3"]
[White "Hoare, Amy"]
[Black "Naldrett, Geoffrey W"]
[Result "0-1"]
[WhiteElo "904"]
[BlackElo "1520"]
[PlyCount "118"]
[EventDate "2007.11.23"]

1. e4 e5 2. Nf3 Nc6 3. d4 exd4 4. Bc4 Be7 5. c3 Nf6 6. Qd3 d5 7. exd5 Nxd5 8.
Nxd4 Ne5 9. Qe2 Nxc4 10. Qxc4 O-O 11. O-O Bf6 12. Re1 Nb6 13. Qc5 Re8 14. Rxe8+
Qxe8 15. Be3 c6 16. Nd2 Be6 17. Nxe6 Qxe6 18. Qa3 Nd5 19. Nc4 b5 20. Nb6 Nxb6
21. Bxb6 Bg5 22. Rd1 Re8 23. h4 Qe2 24. Rf1 Bd2 25. Be3 Rxe3 26. fxe3 Bxe3+ 27.
Kh2 Qxf1 28. Qe7 Qf4+ 29. g3 Qf2+ 30. Kh3 Qf5+ 31. Kh2 Bc5 32. Qe8+ Bf8 33.
Qxc6 Qf2+ 34. Kh3 Qxb2 35. a4 bxa4 36. Qxa4 Qxc3 37. Qxa7 Qc8+ 38. Kh2 g6 39.
Qf2 h5 40. Qf4 Qc2+ 41. Kh3 Qf5+ 42. Kg2 Qxf4 43. gxf4 Kg7 44. Kg3 Kf6 45. Kf3
Kf5 46. Kg3 Bd6 47. Kh3 Kxf4 48. Kg2 Kg4 49. Kf2 f5 50. Kg2 f4 51. Kf2 f3 52.
Kg1 Kg3 53. Kh1 Kxh4 54. Kg1 Bc5+ 55. Kh2 g5 56. Kh1 g4 57. Kh2 g3+ 58. Kh1 g2+
59. Kh2 g1=Q# 0-1

[Event "Guernsey Holiday"]
[Site "?"]
[Date "2007.10.23"]
[Round "3"]
[White "Harnden, Terry W"]
[Black "Rodrigues, Benedict"]
[Result "0-1"]
[WhiteElo "1485"]
[BlackElo "944"]
[PlyCount "114"]
[EventDate "2007.11.23"]

1. e4 e5 2. Nf3 Nc6 3. Bb5 a6 4. Ba4 Nf6 5. d3 b5 6. Bb3 Be7 7. a3 d6 8. O-O
O-O 9. h3 Be6 10. Ba2 Bxa2 11. Rxa2 Re8 12. Be3 d5 13. exd5 Nxd5 14. Bd2 Bf6
15. Re1 a5 16. Nc3 h6 17. Ne4 Be7 18. Ra1 b4 19. a4 Nf4 20. b3 f5 21. Ng3 Bf6
22. Rc1 Qd7 23. Bxf4 exf4 24. Ne2 Re6 25. Rb1 g5 26. Kh1 g4 27. Nfg1 Nd4 28.
hxg4 fxg4 29. Nxd4 Rxe1 30. Qxe1 Bxd4 31. Ne2 Re8 32. Qf1 Be5 33. Re1 Qc6 34.
f3 h5 35. Rc1 Rf8 36. Ng1 Bb2 37. Rb1 Qxc2 38. Qd1 Qxd1 39. Rxd1 Rf7 40. Re1
Rd7 41. Re4 Rd4 42. Re8+ Kf7 43. Rc8 Rd7 44. Ra8 Rxd3 45. Rxa5 Rd1 46. Rf5+ Ke6
47. Rxf4 Bd4 48. Rxd4 Rxd4 49. Kh2 gxf3 50. Nxf3 Rd3 51. Ng5+ Kf6 52. Ne4+ Kg6
53. Nc5 Rc3 54. Na6 Rxb3 55. Nxc7 Ra3 56. Nd5 b3 57. Nc3 b2 0-1

[Event "Guernsey Holiday"]
[Site "?"]
[Date "2007.10.23"]
[Round "3"]
[White "Gibson, John"]
[Black "Newrick, William R"]
[Result "1-0"]
[WhiteElo "1759"]
[BlackElo "1363"]
[PlyCount "106"]
[EventDate "2007.11.23"]

1. d4 d5 2. Nf3 Nf6 3. e3 e6 4. Bd3 c5 5. c3 Nc6 6. Nbd2 cxd4 7. exd4 Bd6 8.
O-O O-O 9. Re1 Nd7 10. Nf1 e5 11. Bxh7+ Kxh7 12. Ng5+ Kg8 13. Qh5 Nf6 14. Qh4
e4 15. Ng3 Bxg3 16. hxg3 Bf5 17. f3 exf3 18. gxf3 Nh7 19. g4 Nxg5 20. Bxg5 f6
21. Bd2 Bg6 22. Re2 Re8 23. Rg2 Qb6 24. g5 f5 25. Bf4 Kf7 26. Bd6 Qd8 27. Qf4
Re6 28. Be5 Nxe5 29. dxe5 Qc7 30. Re2 Rae8 31. Rae1 Rh8 32. Kg2 Rc8 33. Qe3 b6
34. f4 Qc6 35. Kg3 Rh8 36. Rd2 Rd8 37. Red1 Bh5 38. Rh1 g6 39. Qd3 d4 40. Rxh5
gxh5 41. Qxf5+ Kg7 42. cxd4 Qd5 43. Qd3 Qh1 44. Qe3 h4+ 45. Kg4 h3 46. Qxh3
Qxh3+ 47. Kxh3 Rh8+ 48. Kg4 Kg6 49. f5+ Kf7 50. fxe6+ Kxe6 51. g6 Kd5 52. Kg5
Ke4 53. g7 Rg8 1-0

[Event "Guernsey Holiday"]
[Site "?"]
[Date "2007.10.23"]
[Round "3"]
[White "Herschmann, Heinz"]
[Black "Foster, Paul"]
[Result "1-0"]
[WhiteElo "1320"]
[BlackElo "1488"]
[PlyCount "115"]
[EventDate "2007.11.23"]

1. e4 c6 2. d4 d5 3. exd5 Qxd5 4. Nf3 Bg4 5. Be2 Nd7 6. Nc3 Qa5 7. O-O e6 8. a3
Bd6 9. Ne4 Bc7 10. c3 Ngf6 11. Nxf6+ Nxf6 12. h3 Bh5 13. b4 Qd5 14. Nh4 Bg6 15.
Nxg6 hxg6 16. f4 Ne4 17. Bf3 Qf5 18. g4 Qd5 19. Qd3 Rxh3 20. Qxe4 Qxe4 21. Bxe4
Rxc3 22. Rf3 Rc4 23. Bb2 Bb6 24. Rd1 Rd8 25. Kg2 Bxd4 26. Bxd4 Rcxd4 27. Rfd3
Rxd3 28. Rxd3 Rxd3 29. Bxd3 Ke7 30. Kf3 Kd6 31. Ke4 f6 32. Kd4 f5 33. g5 b6 34.
Bc4 c5+ 35. bxc5+ bxc5+ 36. Ke3 Ke7 37. a4 a5 38. Bb5 Kd6 39. Kd3 e5 40. fxe5+
Kxe5 41. Be8 f4 42. Bxg6 f3 43. Ke3 c4 44. Bc2 f2 45. Kxf2 Kd4 46. Ke2 Kc3 47.
Kd1 Kd4 48. g6 Ke3 49. Ke1 Kd4 50. Kd2 c3+ 51. Ke2 Kc4 52. Ke3 Kc5 53. Kd3 Kb4
54. Kd4 Ka3 55. Kxc3 Ka2 56. Bd3 Ka3 57. Bb5 Ka2 58. Kd4 1-0

[Event "Guernsey Holiday"]
[Site "?"]
[Date "2007.10.23"]
[Round "3"]
[White "Van Rooijen, Gerardus C"]
[Black "Brown, Jim"]
[Result "1-0"]
[WhiteElo "1480"]
[BlackElo "1144"]
[PlyCount "105"]
[EventDate "2007.11.23"]

1. d4 d6 2. c4 c6 3. Nc3 Nd7 4. e4 e5 5. Nf3 Be7 6. a3 Ngf6 7. Bd3 O-O 8. O-O
h6 9. Qc2 Re8 10. b4 b6 11. Bb2 Qc7 12. Rac1 Bb7 13. Rfd1 c5 14. Nb5 Qb8 15.
dxe5 dxe5 16. Nc3 Bd6 17. b5 Qc7 18. Nh4 Qd8 19. Nf5 Bf8 20. Be2 Qb8 21. Ne3
Rd8 22. Ncd5 Bd6 23. Rd2 Ne8 24. Rcd1 Bxd5 25. Rxd5 Ndf6 26. R5d2 Bc7 27. Nf5
Rxd2 28. Rxd2 Bd8 29. f3 Qc7 30. Qc3 Nd7 31. Qd3 Nef6 32. Qd6 Qxd6 33. Rxd6 Bc7
34. Rd1 Rd8 35. Ne7+ Kf8 36. Nd5 Nxd5 37. Rxd5 Nf6 38. Rxd8+ Bxd8 39. Bxe5 Nd7
40. Bd6+ Ke8 41. f4 Be7 42. Bxe7 Kxe7 43. e5 Nf8 44. g3 Ne6 45. Bd3 Nd4 46. Kf2
g6 47. Ke3 Ke6 48. h3 h5 49. g4 f5 50. gxf5+ Nxf5+ 51. Bxf5+ Kxf5 52. h4 Ke6
53. Ke4 1-0

[Event "Guernsey Holiday"]
[Site "?"]
[Date "2007.10.23"]
[Round "3"]
[White "Nalichowski, Bogdan"]
[Black "Ainscow, Faye"]
[Result "1-0"]
[WhiteElo "1458"]
[BlackElo "1336"]
[PlyCount "147"]
[EventDate "2007.11.23"]

1. e4 e5 2. f4 Nc6 3. c3 d5 4. exd5 Qxd5 5. Qb3 Qxb3 6. axb3 exf4 7. b4 Bd7 8.
d4 Bd6 9. Bc4 Nf6 10. h3 O-O 11. Nd2 Rfe8+ 12. Ne2 Ne7 13. O-O Ned5 14. Nf3 Ne3
15. Bxe3 fxe3 16. Ng5 Be6 17. Bd3 h6 18. Ne4 Nxe4 19. Bxe4 c6 20. Rf3 Bd5 21.
Bxd5 cxd5 22. Kf1 b6 23. b5 Re7 24. Rf5 Rae8 25. Rxd5 Bb8 26. Rf5 g6 27. Rf3
Kg7 28. g4 f6 29. Ke1 g5 30. Kd1 Kg6 31. Kc2 Re4 32. Raf1 R8e6 33. Rf5 h5 34.
gxh5+ Kxh5 35. Kd3 Rh4 36. R1f3 Kg6 37. d5 Ree4 38. Rxf6+ Kg7 39. Rf7+ Kg8 40.
Rf8+ Kg7 41. Rxb8 Ref4 42. Rxf4 gxf4 43. Rb7+ Kf6 44. Ke4 f3+ 45. Kxf3 Rxh3+
46. Ke4 Rh2 47. Kxe3 Ke5 48. c4 Rh3+ 49. Kd2 Kd6 50. Rxa7 Kc5 51. Rc7+ Kb4 52.
d6 Rh8 53. Kd3 Kb3 54. Kd4 Kxb2 55. d7 Rd8 56. Nc3 Kb3 57. Nd5 Ka4 58. Nxb6+
Ka5 59. Kc5 Rxd7 60. Nxd7 Ka4 61. b6 Kb3 62. b7 Kc3 63. Kd5 Kd3 64. Ne5+ Ke3
65. c5 Kf2 66. Rf7+ Ke3 67. c6 Kd2 68. c7 Ke2 69. Ke4 Ke1 70. c8=Q Kd1 71. b8=Q
Ke2 72. Qg4+ Kd2 73. Qb2+ Ke1 74. Qg1# 1-0

[Event "Guernsey Holiday"]
[Site "?"]
[Date "2007.10.23"]
[Round "3"]
[White "Welch, Hazel"]
[Black "Lowe, Greg"]
[Result "1-0"]
[WhiteElo "1368"]
[BlackElo "1364"]
[PlyCount "95"]
[EventDate "2007.11.23"]

1. d4 g6 2. Nf3 Bg7 3. c4 d6 4. g3 Nd7 5. Bg2 e6 6. O-O Ne7 7. Nc3 c6 8. e3 O-O
9. b4 d5 10. a4 a6 11. Ba3 b6 12. Rc1 Bb7 13. Qb3 Rb8 14. Rfd1 Qc7 15. b5 dxc4
16. Qxc4 Rfe8 17. Bxe7 Rxe7 18. Nd2 Rc8 19. bxa6 Ba8 20. Nb5 Ne5 21. Nxc7 Nxc4
22. Nxc4 Rexc7 23. Nxb6 Rd8 24. Nxa8 Rxa8 25. Rxc6 Rxc6 26. Bxc6 Rxa6 27. Bb5
Rb6 28. Rc1 Rb7 29. Kg2 Kf8 30. Rc5 Ke7 31. Kf3 f5 32. Bc4 Kd6 33. a5 e5 34. a6
Ra7 35. Rc8 exd4 36. exd4 g5 37. d5 Bd4 38. Rc6+ Kd7 39. Rh6 Kd8 40. Bd3 f4 41.
Bxh7 fxg3 42. fxg3 Re7 43. Bf5 Bc5 44. g4 Rd7 45. Bxd7 Kxd7 46. Ke4 Ke8 47. Rh7
Kd8 48. a7 1-0

[Event "Guernsey Holiday"]
[Site "?"]
[Date "2007.10.24"]
[Round "4"]
[White "Hoogakker, Peter"]
[Black "Timmerman, Peter"]
[Result "1-0"]
[WhiteElo "1746"]
[BlackElo "1589"]
[PlyCount "91"]
[EventDate "2007.11.23"]

1. e4 e5 2. Nf3 Nc6 3. Bc4 Bc5 4. c3 d6 5. d3 h6 6. O-O Qe7 7. Re1 a6 8. Bb3
Bg4 9. Nbd2 Qf6 10. Nf1 Nge7 11. h3 Bxf3 12. Qxf3 Qxf3 13. gxf3 Ng6 14. Ng3 h5
15. Ba4 Nh4 16. Bd1 Ng6 17. Be3 O-O-O 18. b4 Bxe3 19. fxe3 b5 20. a4 Kb7 21.
Bb3 Nge7 22. Bxf7 h4 23. Nf5 Nxf5 24. exf5 Rdf8 25. Bd5 Rxf5 26. c4 Kb6 27. a5+
Nxa5 28. Rxa5 c6 29. Be4 Rg5+ 30. Kh2 Ra8 31. Rg1 Rxg1 32. Kxg1 Rd8 33. Ra2 d5
34. c5+ Kb7 35. Bf5 Rf8 36. Bg4 Rd8 37. d4 exd4 38. exd4 Re8 39. Kf2 g5 40. Ra3
Re7 41. Re3 Rxe3 42. Kxe3 a5 43. bxa5 b4 44. Kd3 Ka6 45. Kc2 Kxa5 46. Kb3 1-0

[Event "Guernsey Holiday"]
[Site "?"]
[Date "2007.10.24"]
[Round "4"]
[White "Randall, David C"]
[Black "Brooker, Chris H"]
[Result "1-0"]
[WhiteElo "1568"]
[BlackElo "1670"]
[PlyCount "79"]
[EventDate "2007.11.23"]

1. e4 d5 2. exd5 Qxd5 3. Nc3 Qa5 4. d4 Nf6 5. Bd3 c6 6. Nge2 Bg4 7. f3 Bh5 8.
O-O e6 9. Bf4 Be7 10. a3 Nbd7 11. b4 Qd8 12. Kh1 Nb6 13. Ne4 Nbd5 14. Bd2 O-O
15. c4 Nb6 16. Bc3 Nxe4 17. fxe4 Qd7 18. c5 Nc8 19. Qc2 Bxe2 20. Qxe2 Re8 21.
e5 g6 22. Rf3 Bf8 23. Raf1 Re7 24. Qf2 b6 25. Bd2 Qc7 26. Qh4 bxc5 27. bxc5 Rb8
28. Rh3 f5 29. exf6 Rf7 30. Bxg6 Rb7 31. Bxf7+ Qxf7 32. Qh5 Qxf6 33. Qxh7+ Rxh7
34. Rxf6 Rxh3 35. gxh3 Bg7 36. Rxe6 Kf7 37. Rxc6 Ne7 38. Rc7 Bxd4 39. Bg5 Bf6
40. Rxe7+ 1-0

[Event "Guernsey Holiday"]
[Site "?"]
[Date "2007.10.24"]
[Round "4"]
[White "Nalichowski, Seb"]
[Black "Collins, Alan"]
[Result "1-0"]
[WhiteElo "1667"]
[BlackElo "1504"]
[PlyCount "59"]
[EventDate "2007.11.23"]

1. e4 c6 2. d4 d5 3. e5 Bf5 4. Nc3 e6 5. g4 Bg6 6. Nge2 f6 7. h4 fxe5 8. dxe5
Na6 9. Nf4 Bf7 10. Bxa6 bxa6 11. g5 Ne7 12. Qd3 Qc8 13. h5 Nf5 14. Bd2 Be7 15.
Rg1 Kd7 16. g6 hxg6 17. hxg6 Be8 18. O-O-O Bc5 19. Ne4 Bb6 20. Rh1 Rxh1 21.
Rxh1 Ke7 22. Ng5 Bd7 23. Nf7 Qb7 24. Nxd5+ exd5 25. Nd6 Nxd6 26. exd6+ Kd8 27.
Bg5+ Kc8 28. Rh8+ Be8 29. Rxe8+ Kd7 30. Re7+ 1-0

[Event "Guernsey Holiday"]
[Site "?"]
[Date "2007.10.24"]
[Round "4"]
[White "Versmissen, Jorie"]
[Black "Jongerius, M.."]
[Result "1/2-1/2"]
[WhiteElo "1759"]
[BlackElo "1592"]
[PlyCount "74"]
[EventDate "2007.11.23"]

1. e4 e5 2. Nf3 Nc6 3. d4 exd4 4. Nxd4 Nge7 5. Bc4 Nxd4 6. Qxd4 Nc6 7. Qd5 Qf6
8. Bg5 Qg6 9. O-O Bd6 10. c3 Ne5 11. f4 c6 12. Qd4 b6 13. Kh1 Nxc4 14. Qxc4 a5
15. Qd4 Bc7 16. Nd2 f6 17. Bh4 Bb7 18. Rad1 c5 19. Qf2 O-O-O 20. e5 Rdf8 21. f5
Qg4 22. exf6 gxf6 23. Nf3 Qxf5 24. Qd2 Rhg8 25. Bg3 Bxg3 26. hxg3 Qh5+ 27. Nh4
Bc6 28. Rf5 Qg4 29. b4 Qxg3 30. Qf2 Qg4 31. Rd6 Kc7 32. Rdxf6 Rxf6 33. Rxf6
Qd1+ 34. Kh2 Rg4 35. bxa5 bxa5 36. Nf3 Qd5 37. Rh6 Qf7 1/2-1/2

[Event "Guernsey Holiday"]
[Site "?"]
[Date "2007.10.24"]
[Round "4"]
[White "Onwezen, Eric"]
[Black "Ruigrok, Jacques"]
[Result "1/2-1/2"]
[WhiteElo "1621"]
[BlackElo "1709"]
[PlyCount "60"]
[EventDate "2007.11.23"]

1. e4 e5 2. Nf3 Nc6 3. Bc4 Nf6 4. d3 Be7 5. Nc3 d6 6. h3 a6 7. a4 O-O 8. O-O
Bd7 9. Nh2 Qc8 10. f4 exf4 11. Bxf4 Ne5 12. Bb3 c6 13. Nf3 Nxf3+ 14. Qxf3 Be6
15. Ba2 Bxa2 16. Rxa2 Qe6 17. Raa1 Nd7 18. Rae1 f6 19. Qg3 Ne5 20. Rf2 Ng6 21.
Ref1 Nxf4 22. Qxf4 d5 23. exd5 cxd5 24. Re2 Qd7 25. Kh1 Rfe8 26. Qd4 Rad8 27.
Rfe1 Kf7 28. Re3 Kf8 29. Re6 Kf7 30. R6e2 Kf8 1/2-1/2

[Event "Guernsey Holiday"]
[Site "?"]
[Date "2007.10.24"]
[Round "4"]
[White "Finch, J Russell"]
[Black "Thompson, Robert"]
[Result "0-1"]
[WhiteElo "1706"]
[BlackElo "1568"]
[PlyCount "90"]
[EventDate "2007.11.23"]

1. f4 c5 2. Nf3 g6 3. e3 Bg7 4. Be2 Nc6 5. O-O d6 6. d3 Nf6 7. c3 O-O 8. e4 b5
9. Kh1 Rb8 10. Qe1 b4 11. Be3 Qb6 12. Nbd2 Ng4 13. Nc4 Qc7 14. Bg1 bxc3 15.
bxc3 Be6 16. Ne3 Nxe3 17. Bxe3 Rb2 18. Ng5 Bxa2 19. Bc1 Rc2 20. Bd2 Qa5 21. Bd1
Rxd2 22. Qxd2 Bxc3 23. Qf2 Bxa1 24. Qh4 h5 25. Bxh5 Kg7 26. Bxg6 Rh8 27. Bh7
Bf6 28. Rf3 Bxg5 29. Qxg5+ Kf8 30. h3 Qd8 31. Rg3 Ke8 32. e5 Kd7 33. exd6 exd6
34. Bf5+ Be6 35. Bxe6+ fxe6 36. Qg7+ Ne7 37. Re3 Qf8 38. Qg4 Qf5 39. Qe2 Qd5
40. Kh2 Nf5 41. Re4 Rg8 42. g4 Nd4 43. Qf2 Qb3 44. Qe3 Qc2+ 45. Kg3 Nf5+ 0-1

[Event "Guernsey Holiday"]
[Site "?"]
[Date "2007.10.24"]
[Round "4"]
[White "Palmer, Eric L"]
[Black "Carlucci, Paul A"]
[Result "1-0"]
[WhiteElo "1566"]
[BlackElo "1704"]
[PlyCount "74"]
[EventDate "2007.11.23"]

1. e4 d5 2. exd5 Qxd5 3. Nc3 Qa5 4. Nf3 Nf6 5. d4 Bf5 6. Bd2 c6 7. Bc4 e6 8. a3
Qc7 9. h3 Bd6 10. O-O Nbd7 11. Be3 Nb6 12. Bd3 Bg6 13. Re1 O-O-O 14. Ng5 Rhe8
15. Nge4 Bf4 16. Bxf4 Qxf4 17. Ne2 Qh4 18. Nxf6 gxf6 19. c3 Rg8 20. Ng3 f5 21.
Qf3 Nd5 22. Kh2 Qh6 23. Bf1 Nf6 24. Kg1 Ne4 25. Nxe4 fxe4 26. Qe3 Qh4 27. Qg3
Qe7 28. Qf4 Rd5 29. f3 exf3 30. Qxf3 Bh5 31. Qe4 Rdg5 32. Qf4 Rf5 33. Qxf5 Qh4
34. Rxe6 Kc7 35. Re3 Bg6 36. Qe5+ Kc8 37. Rae1 f5 1-0

[Event "Guernsey Holiday"]
[Site "?"]
[Date "2007.10.24"]
[Round "4"]
[White "Kearsley, Raymond J"]
[Black "Sivakumar, Athman"]
[Result "1-0"]
[WhiteElo "1664"]
[BlackElo "1528"]
[PlyCount "65"]
[EventDate "2007.11.23"]

1. e4 e5 2. Nf3 Nc6 3. c3 Nf6 4. d4 exd4 5. e5 Qe7 6. cxd4 Nd5 7. Be2 d6 8. O-O
Bd7 9. Bc4 Be6 10. Bg5 Qd7 11. Re1 Be7 12. Bxe7 Ncxe7 13. Qb3 O-O 14. Nc3 Nxc3
15. Bxe6 fxe6 16. bxc3 d5 17. Qxb7 Nf5 18. Qa6 Qf7 19. Ng5 Qh5 20. Qxe6+ Kh8
21. Nf3 Nh4 22. Nxh4 Qxh4 23. Re2 Rf4 24. Qxd5 Raf8 25. Rf1 Qh5 26. Rd2 Qg5 27.
Qc6 h6 28. Qxc7 Kh7 29. e6 Rxf2 30. Rdxf2 Rxf2 31. Rxf2 Qc1+ 32. Rf1 Qe3+ 33.
Kh1 1-0

[Event "Guernsey Holiday"]
[Site "?"]
[Date "2007.10.24"]
[Round "4"]
[White "Naldrett, Geoffrey W"]
[Black "Baart, Edwin"]
[Result "1/2-1/2"]
[WhiteElo "1520"]
[BlackElo "1637"]
[PlyCount "81"]
[EventDate "2007.11.23"]

1. e4 e5 2. Nf3 Nc6 3. Bb5 a6 4. Bxc6 dxc6 5. O-O Bg4 6. h3 Bxf3 7. Qxf3 Nf6 8.
d3 Be7 9. Be3 O-O 10. Nd2 Qd7 11. Nc4 Qe6 12. Qe2 Rad8 13. f4 exf4 14. Rxf4 b5
15. Nd2 Bd6 16. Rff1 Rfe8 17. Bf4 Bxf4 18. Rxf4 Qe5 19. Rff1 Qxb2 20. Nf3 Qc3
21. Qf2 h6 22. e5 Rxe5 23. Nxe5 Qxe5 24. Rae1 Qd4 25. Re7 Qxf2+ 26. Rxf2 Rd7
27. Rxd7 Nxd7 28. d4 Nf6 29. Rf3 Kf8 30. Rc3 Nd5 31. Rxc6 Nb4 32. Rxc7 Nxa2 33.
Ra7 Nb4 34. c3 Nd5 35. Rxa6 Nxc3 36. Kf2 Ke7 37. Ke3 Nd5+ 38. Ke4 Nc3+ 39. Kd3
Nd5 40. Ra7+ Ke6 41. g3 1/2-1/2

[Event "Guernsey Holiday"]
[Site "?"]
[Date "2007.10.24"]
[Round "4"]
[White "Rodrigues, Benedict"]
[Black "Gibson, John"]
[Result "0-1"]
[WhiteElo "944"]
[BlackElo "1759"]
[PlyCount "78"]
[EventDate "2007.11.23"]

1. e4 e6 2. d4 d5 3. e5 c5 4. c3 Nc6 5. Nf3 cxd4 6. cxd4 Be7 7. Be2 f6 8. Bf4
Qb6 9. b3 Bb4+ 10. Kf1 Bd7 11. a3 Be7 12. b4 Rc8 13. b5 Na5 14. a4 Nc4 15. Nbd2
Nxd2+ 16. Qxd2 Qd8 17. g3 g5 18. Be3 h6 19. h4 g4 20. Nh2 h5 21. f4 Nh6 22. Bf2
f5 23. Kg2 O-O 24. Nf1 Qc7 25. Ne3 Qc3 26. Qxc3 Rxc3 27. Rac1 Rfc8 28. Ra1 Kf8
29. Rhd1 Ke8 30. Kf1 Nf7 31. Ke1 Bb4 32. Kf1 Ba5 33. Nxf5 exf5 34. Be1 Bd8 35.
Bxc3 Rxc3 36. Kf2 Ba5 37. Rd3 Nd8 38. Rxc3 Bxc3 39. Ke3 Bxa1 0-1

[Event "Guernsey Holiday"]
[Site "?"]
[Date "2007.10.24"]
[Round "4"]
[White "Le Maitre, Richard"]
[Black "Paardekam, Rene"]
[Result "0-1"]
[WhiteElo "1270"]
[BlackElo "1754"]
[PlyCount "94"]
[EventDate "2007.11.23"]

1. e4 Nf6 2. Nc3 d5 3. exd5 Nxd5 4. Nxd5 Qxd5 5. d4 Nc6 6. Be3 Bf5 7. c4 Qa5+
8. Bd2 Qb6 9. Bc3 a5 10. c5 Qa7 11. Bd3 Bxd3 12. Qxd3 e6 13. Nf3 Rd8 14. Qe3
Qa6 15. O-O-O Qc4 16. b3 Qd5 17. Qg5 Qxg5+ 18. Nxg5 Be7 19. Nf3 O-O 20. Rhe1
Rd5 21. Kb2 Rfd8 22. Rd2 Bf6 23. Red1 e5 24. dxe5 Rxd2+ 25. Rxd2 Rxd2+ 26. Bxd2
Bxe5+ 27. Nxe5 Nxe5 28. Bxa5 c6 29. Bc7 Nd3+ 30. Kc3 Nxc5 31. Kc4 Nd7 32. a4 f6
33. b4 Kf7 34. b5 cxb5+ 35. Kxb5 Ke6 36. a5 Kd5 37. f4 Kd4 38. g4 g6 39. h4 h5
40. g5 f5 41. Bd6 Kd5 42. Bb4 Ke4 43. Bd6 Kf3 44. Kc4 Kg4 45. Kd5 Kxh4 46. Ke6
Kg3 47. Kxd7 h4 0-1

[Event "Guernsey Holiday"]
[Site "?"]
[Date "2007.10.24"]
[Round "4"]
[White "Haisma, Henk"]
[Black "Herschmann, Heinz"]
[Result "1-0"]
[WhiteElo "1692"]
[BlackElo "1320"]
[PlyCount "123"]
[EventDate "2007.11.23"]

1. b4 e5 2. Bb2 d6 3. e3 Be7 4. Nf3 Bf6 5. e4 Ne7 6. c4 Be6 7. Be2 Ng6 8. d3
Nf4 9. Bf1 O-O 10. Nc3 c6 11. Ne2 Nxe2 12. Bxe2 Nd7 13. Qb3 b5 14. O-O Re8 15.
a4 a6 16. a5 Qc7 17. Qc2 Rec8 18. Rfc1 Qb7 19. d4 exd4 20. Nxd4 Bxc4 21. Bxc4
bxc4 22. Nf5 Qc7 23. Bxf6 Nxf6 24. Qxc4 g6 25. Qd4 gxf5 26. Qxf6 Qd8 27. Qxf5
Qe7 28. Ra3 Qe5 29. Rg3+ Kh8 30. Qxe5+ dxe5 31. Rb3 Rab8 32. Rc5 Rb5 33. f3 Kg7
34. Rbc3 Rxb4 35. Rxc6 Rxc6 36. Rxc6 Rb5 37. Rxa6 f6 38. Ra7+ Kg6 39. a6 Ra5
40. Ra8 Kg7 41. a7 Ra2 42. Kf1 Kh6 43. g4 Kg7 44. h4 h6 45. Ke1 Kh7 46. Kd1 Kg7
47. Kc1 Kh7 48. Kb1 Ra6 49. Kb2 Kg7 50. Kb3 Kh7 51. Kb4 Kg7 52. Kb5 Ra1 53. Kc6
Rc1+ 54. Kd6 Ra1 55. Ke6 Ra6+ 56. Kf5 Ra1 57. g5 fxg5 58. hxg5 h5 59. Kxe5 Ra2
60. Kf4 Ra5 61. e5 Ra4+ 62. Kf5 1-0

[Event "Guernsey Holiday"]
[Site "?"]
[Date "2007.10.24"]
[Round "4"]
[White "Carlucci, Frank"]
[Black "O'Connor, J.."]
[Result "1/2-1/2"]
[WhiteElo "1552"]
[BlackElo "1591"]
[PlyCount "84"]
[EventDate "2007.11.23"]

1. e4 c5 2. Nf3 e6 3. d4 cxd4 4. Nxd4 Bc5 5. Be3 Qb6 6. b3 Nc6 7. c3 Nf6 8. f3
a6 9. Be2 O-O 10. Qd2 e5 11. Nf5 Bxe3 12. Nxe3 d6 13. Nc4 Qa7 14. Qxd6 Rd8 15.
Qc7 Be6 16. Qb6 Bxc4 17. Qxa7 Rxa7 18. Bxc4 b5 19. Be2 Rad7 20. a4 b4 21. cxb4
Nxb4 22. O-O a5 23. Nc3 Kf8 24. Rad1 Ke7 25. Rxd7+ Rxd7 26. Bc4 Rd2 27. Rd1
Rxd1+ 28. Nxd1 Nd7 29. Nc3 Nb6 30. Bb5 Kd6 {(=)} 31. Kf2 Kc5 32. Ke2 f6 33. Be8
Nc2 34. Kd2 Nd4 35. Bf7 Kb4 36. Na2+ Ka3 37. Nc1 Kb4 38. h4 Nd7 39. Nd3+ Ka3
40. Kc3 Nb6 41. Nc5 Ne2+ 42. Kd3 Nd4 1/2-1/2

[Event "Guernsey Holiday"]
[Site "?"]
[Date "2007.10.24"]
[Round "4"]
[White "Beadle, John R"]
[Black "Bakkes, Frits"]
[Result "0-1"]
[WhiteElo "1400"]
[BlackElo "1533"]
[PlyCount "70"]
[EventDate "2007.11.23"]

1. g3 d5 2. Bg2 Nf6 3. d4 c6 4. e3 Nbd7 5. Ne2 e5 6. O-O Bd6 7. b3 Nf8 8. Ba3
Ne6 9. Bb2 e4 10. Ba3 Ng5 11. Bxd6 Qxd6 12. Nf4 Bg4 13. Qc1 Bf3 14. Nd2 Ng4 15.
h3 h5 16. Nxf3 Nxf3+ 17. Bxf3 exf3 18. Qd1 Nf6 19. Qxf3 g5 20. Nd3 Ne4 21. Rfd1
g4 22. Qf4 gxh3 23. Qxd6 Nxd6 24. Kh2 h4 25. Kxh3 hxg3+ 26. Kxg3 Ne4+ 27. Kg2
Ke7 28. Rg1 Nd2 29. Kg3 Rag8+ 30. Kf4 Rh4+ 31. Kf5 Rgh8 32. Rg4 R8h5+ 33. Rg5
Rh6 34. Rg3 Ne4 35. Nf4 Nd6+ 0-1

[Event "Guernsey Holiday"]
[Site "?"]
[Date "2007.10.24"]
[Round "4"]
[White "Cox, John"]
[Black "Van Rooijen, Gerardus C"]
[Result "1/2-1/2"]
[WhiteElo "1460"]
[BlackElo "1480"]
[PlyCount "42"]
[EventDate "2007.11.23"]

1. e4 c5 2. Nf3 d6 3. d4 cxd4 4. Nxd4 Nc6 5. Nc3 a6 6. a4 e6 7. Be2 Nf6 8. O-O
Be7 9. Be3 O-O 10. Bf3 Ne5 11. Re1 Nxf3+ 12. Nxf3 Bd7 13. e5 Ne8 14. exd6 Nxd6
15. Bc5 Nc8 16. Bxe7 Nxe7 17. Qe2 Ng6 18. Rad1 Qc7 19. Ne5 Nxe5 20. Qxe5 Qxe5
21. Rxe5 Bc6 1/2-1/2

[Event "Guernsey Holiday"]
[Site "?"]
[Date "2007.10.24"]
[Round "4"]
[White "Carrick, Peter"]
[Black "Harnden, Terry W"]
[Result "1/2-1/2"]
[WhiteElo "1304"]
[BlackElo "1485"]
[PlyCount "128"]
[EventDate "2007.11.23"]

1. d4 Nf6 2. Nc3 e6 3. e4 Bb4 4. Bg5 Bxc3+ 5. bxc3 d6 6. Nf3 c6 7. Bxf6 Qxf6 8.
e5 dxe5 9. Nxe5 Nd7 10. Ng4 Qd8 11. Qf3 O-O 12. Bd3 Nf6 13. Ne5 Qa5 14. O-O Qd5
15. Qe3 Qd8 16. Qh3 Qe8 17. Ng4 h6 18. Ne5 Nh7 19. Qg3 Qe7 20. Ng4 Kh8 21. Ne5
Qg5 22. Qxg5 Nxg5 23. f4 Nh7 24. g4 Nf6 25. h4 Nd7 26. Kf2 Nxe5 27. dxe5 Bd7
28. Rad1 Rad8 29. Rd2 f6 30. f5 fxe5 31. Rfd1 Bc8 32. Kg3 exf5 33. Bxf5 Rxd2
34. Rxd2 Bxf5 35. Rf2 g6 36. gxf5 Rxf5 37. Rd2 Rf7 38. Rd8+ Kg7 39. Re8 Kf6 40.
Kf3 Kf5 41. Rh8 h5 42. Re8 g5 43. hxg5 Kxg5+ 44. Ke4 Rf4+ 45. Kxe5 Rf2 46. Rg8+
Kh4 47. Rg7 Rxc2 48. Rxb7 Rxa2 49. Rc7 a5 50. Rxc6 Kh3 51. Kf4 h4 52. Rg6 Rg2
53. Ra6 Rg4+ 54. Ke5 a4 55. Kd5 Kg2 56. c4 h3 57. Rxa4 h2 58. Ra2+ Kh3 59.
Rxh2+ Kxh2 60. c5 Rg5+ 61. Kd6 Rg6+ 62. Kd7 Rg7+ 63. Kd6 Kg3 64. c6 Rg6+
1/2-1/2

[Event "Guernsey Holiday"]
[Site "?"]
[Date "2007.10.24"]
[Round "4"]
[White "Cox, Marian"]
[Black "Silverstein, Ben"]
[Result "0-1"]
[WhiteElo "1200"]
[BlackElo "1464"]
[PlyCount "86"]
[EventDate "2007.11.23"]

1. e4 d5 2. exd5 Qxd5 3. Nc3 Qd6 4. d3 Nf6 5. Nf3 a6 6. Be2 b5 7. Be3 Bb7 8. a3
Nbd7 9. Qd2 e6 10. O-O Nb6 11. Bf4 Qc6 12. h3 h6 13. Nd1 Bd6 14. Bxd6 Qxd6 15.
Ne3 Nbd5 16. Nxd5 Nxd5 17. g3 f5 18. c4 Nf6 19. Qe3 g5 20. Qd4 Qe7 21. Ne5 c5
22. Qe3 f4 23. gxf4 gxf4 24. Qxf4 Rg8+ 25. Bg4 h5 26. f3 hxg4 27. fxg4 Nd7 28.
Qf7+ Qxf7 29. Nxf7 Bc6 30. Rae1 Nf8 31. Re5 bxc4 32. Rxc5 Rg7 33. Rxc6 Rxf7 34.
Rxf7 Kxf7 35. dxc4 Ng6 36. b4 Ne5 37. a4 Nxc6 38. b5 Ne5 39. c5 a5 40. c6 Nxc6
41. bxc6 Rc8 42. c7 Rxc7 43. g5 Kg6 0-1